Countries that have banned Roblox "until 2025" - Statistics

General Stats
  • This quiz has been taken 15 times
  • The average score is 5 of 9
Answer Stats
Hint Answer % Correct
Asian country China
69%
Asian country Turkey
69%
GCC country UAE
69%
GCC country Oman
62%
GCC country Qatar
62%
GCC country Saudi Arabia
62%
GCC country Kuwait
54%
African country Algeria
46%
Arab country Yemen
46%
No matching quizzes found
Score Distribution
Percent of People with Each Score
Percentile by Number Answered
Your Score History
You have not taken this quiz